000 01148nam a2200397 a 4500
003 AR-BaBNM
005 20251128204249.0
008 082120s2002 ||||||||||||||000 | spa||
040 _cAR-BaBNM
100 1 _aVico, Carlos M.
245 0 0 _aCurso de derecho internacional privado
_bdictado en las facultades de derecho de Buenos Aires y La Plata
_n2
250 _a3ª ed.
260 _aBuenos Aires
_bBiblioteca Jurídica Argentina
_c1956
300 _a326 p.
500 _aIndice al final del libro
650 4 _aDERECHO INTERNACIONAL PRIVADO
650 4 _aDERECHO SUCESORIO
650 4 _aCOMERCIANTES
650 4 _aSOCIEDADES COMERCIALES
650 4 _aTRANSPORTE
650 4 _aDERECHO COMERCIAL
650 4 _aLETRAS DE CAMBIO
650 4 _aSEGUROS
650 4 _aQUIEBRA
650 4 _aNAVEGACION
650 4 _aDERECHO MARITIMO
650 4 _aPROPIEDAD INTELECTUAL
650 4 _aDERECHOS DE AUTOR
650 4 _aDERECHO PENAL
650 4 _aDERECHO PROCESAL
650 4 _aLEGISLACION ARGENTINA
700 1 _aArgüello, Isauro P.
_ecompilador
700 1 _aFrutos, Pedro
_ecompilador
942 _cBK
998 _cAndrea
999 _c6768
_d6768